00796 2200253 4500001002100000005001700021008004100038020001800079035002400097082001100121090002300132100002300155245009800178250001100276260003100287300003100318500007600349650002300425700001800448700002100466850001200487990002100499999002200520YOGYA-0209000005519820090227033506.0 ind  a979-21-0505-0 0010-020900000055198 a028.55 a028.55bRab YlDEP aRABEN-KORCH, Bente aYesus naik ke SurgacBente Raben-Korch, penerjemah, M. Ivonna Indah, ilustrator, Isidre Mones aCet. 1 aYogyakartabKanisiusc2002 a[32] hlmbilusc20 x 21 cm aYang diterima : Jil 12bJudul asli Jesus Flies to the Heaven on a cloud aBacaan kanak-kanak aMones, Isidre aIndah, M. Ivonne aYOPDYOG a2002-382 CB-D.11 a2002-382h CB-D.11